000 00521nam a2200145Ia 4500
008 100122s9999 xx 000 0 und d
082 _b13550
_a923.154
100 _aकुळकर्णी दत्ता जी
245 _aप्रियदर्शिनी इंदिरा
260 _bनलिनी प्रकाशन
_c1966
300 _a51
630 _aप्रियदर्शिनी इंदिरा
730 _aप्रियदर्शिनी इंदिरा
942 _cBOOK
999 _c404355
_d404352